000 00209 a2200097 4500
001 20338
100 _aKeesing F M
245 _aCultural anthropology
260 _a
_bHolt Rinehart
_c
090 _c14829
_d14829
942 _aNUST-CAE
_cM
_c5368
999 _c255411
_d255411